| 000 | 01274nam0a2200277 4500 | ||
|---|---|---|---|
| 001 | RU\NLR\BIBL_A\011782990 | ||
| 005 | 20260406172733.0 | ||
| 035 | _a(NLR Aleph) 011782990 | ||
| 090 |
_a11786531 _c11786531 |
||
| 100 | _a20180905d1996 |||y0rusy50 ca | ||
| 101 | 0 | _arus | |
| 102 | _aRU | ||
| 105 | _ay z 010zy | ||
| 200 | 1 |
_aСовременные изыскания в области фармации _eсб. науч. тр., посвящ. 10-му выпуску провизоров _fМ-во здравоохранения и мед. пром-сти Рос. Федерации, Яросл. гос. мед. акад. _g[редкол.: ... Н.С. Фурса (гл. ред.) и др.] |
|
| 210 |
_aЯрославль _c[б.и.] _d1996 |
||
| 215 |
_a214 с. _d20 |
||
| 606 | 1 |
_aФармация _jСборники _9894367 _3RU\NLR\AUTH\663802 |
|
| 686 | 1 | _aР282я43 | |
| 702 | 1 |
_aФурса _bН. С. _gНиколай Сергеевич _4340 |
|
| 712 | 0 | 2 |
_4570 _aЯрославская государственная медицинская академия _9375509 _3RU\NLR\AUTH\889940336 |
| 852 |
_aNLR _j96-3/6492 |
||
| 942 | _cBOOK | ||
| 980 | _aNB | ||